| 000 | 00732cab a2200229 4500 | ||
|---|---|---|---|
| 001 | WB3503-14 | ||
| 008 | 090401t1999 xxu||||| |||| 00| 0 eng d | ||
| 035 | _a(Sirsi) u90819 | ||
| 041 | _aeng | ||
| 245 | _aCountryside Stewardship | ||
| 260 | _c1999 | ||
| 350 | _a0 | ||
| 490 |
_aMAFF News Release _v(14/99) 14 January 1999 (2) |
||
| 520 | _aOver 1000 new agreements for green farming under the government`s Countryside Stewardship scheme will be signed with farmers this year. £7.5m has been set aside for the scheme. | ||
| 650 | _aCOUNTRYSIDE STEWARDSHIP SCHEME | ||
| 650 | _aGREEN FARMING | ||
| 650 | _aSET-ASIDE | ||
| 650 | _aWILDLIFE CONSERVATION | ||
| 690 | _aCONSERVATION | ||
| 942 | _n0 | ||
| 948 | _c20/01/1999 | ||
| 999 |
_c57604 _d57604 |
||